[Event "WJCC U20 Open 2019"]
[Site "New Delhi"]
[Date "2019.10.24"]
[Round "10.23"]
[White "Saurabh Anand"]
[Black "Dobrovoljc, Vid"]
[Result "1/2-1/2"]
[WhiteElo "2236"]
[BlackElo "2389"]
[Annotator "TA"]
[PlyCount "61"]
[EventDate "2019.10.15"]
[EventType "swiss"]
[EventCountry "IND"]
[SourceTitle "playchess.com"]
[Source "ChessBase"]
[SourceQuality "1"]

{[%evp 30,61,23,23,37,29,29,28,28,37,30,32,36,0,0,0,0,0,11,0,0,0,0,0,0,0,0,0,0,0,0,0,0,0]} 1. e4 c5 2. Nf3 d6 3. d4 cxd4 4. Nxd4 Nf6 5. Nc3 Nc6 6. Bg5 e6 7. Qd2 a6 8. O-O-O Bd7 9. f4 Be7 10. Nf3 b5 11. Bxf6 gxf6 12. f5 Qb6 13. Kb1 O-O-O 14. g3 Kb8 15. fxe6 fxe6 16. Bh3 Na5 {B69: Sicilian: Richter-Rauzer: 7...a6 8 0-0-0 Bd7 9 f4 Be7 10 Nf3 b5 11 Bxf6} 17. Nd4 b4 $1 {[%cal Rb4c3]} 18. Nce2 e5 {White has an edge.} 19. Bxd7 Rxd7 20. Nf5 Nc4 21. Qd5 (21. Qd3 Rc8 22. Ka1 Bf8 23. b3 Na3 24. c4 bxc3 25. Nxc3 {½-½ (64) Navara,D (2734)-Saric,I (2681) Patras 2019}) 21... Rc8 $1 {The position is equal.} 22. Nc1 Qc7 $146 ({Predecessor:} 22... Qf2 23. Qd3 Bf8 24. Nb3 {½-½ (66) Hossain,E (2438)-Rahman,Z (2489) Dhaka 2019}) 23. Qd3 Bf8 24. Rhe1 d5 25. exd5 Rxd5 26. Qxd5 Na3+ $1 {[%mdl 64] [#] Discovered Attack} 27. bxa3 Qxc2+ {[%mdl 64] Double Attack} 28. Ka1 Qc3+ {[%mdl 64] Double Attack} 29. Kb1 Qc2+ {[%mdl 64] Double Attack} 30. Ka1 Qc3+ {[%mdl 64] [#] Double Attack} 31. Kb1 1/2-1/2

[Event "WJCC U20 Open 2019"]
[Site "New Delhi"]
[Date "2019.10.24"]
[Round "10.24"]
[White "Wagh Suyog"]
[Black "Aronyak Ghosh"]
[Result "1/2-1/2"]
[WhiteElo "2229"]
[BlackElo "2380"]
[Annotator "TA"]
[PlyCount "60"]
[EventDate "2019.10.15"]
[EventType "swiss"]
[EventCountry "IND"]
[SourceTitle "playchess.com"]
[Source "ChessBase"]
[SourceQuality "1"]

{[%evp 9,60,-10,-10,-10,-10,-10,-5,-2,-7,-3,0,-2,0,-14,-16,-7,-7,-8,-8,-9,0,-15,0,0,0,-11,0,-29,-29,-25,-25,-31,-29,-31,-15,-21,-14,-33,-18,-17,-4,-2,0,0,0,-6,0,0,0,-9,-6,-7,-7]} 1. d4 d5 2. c4 e6 3. g3 c6 4. Qc2 (4. Nd2 f5 5. Ngf3 Nf6 6. Bg2 Bd6 7. Ne5 O-O 8. O-O Nbd7 9. Ndf3 Ne4 10. Qc2 Ndf6 11. b3 Qe7 12. Bb2 Bd7 13. Ne1 Be8 14. f3 Ng5 15. N1d3 Nf7 16. c5 Bc7 {1-0 (50) Bindrich,F (2606)-Bilguun,S (2497) St Petersburg 2018}) 4... dxc4 5. Qxc4 Qd5 6. Qxd5 {D30: Queen's Gambit Declined: Systems without Nc3} cxd5 7. Nc3 Bd7 8. Nf3 Nc6 {[%cal Bb8c6,Bc6e7,Be7f5][%mdl 32]} 9. Bg2 Nf6 $146 ({Predecessor:} 9... Bb4 10. Bd2 Nf6 11. a3 Bxc3 12. Bxc3 {0-1 (40) Engel,G-Wiebe,P (2192) Germany 2006}) 10. O-O Bd6 11. Bf4 Bxf4 12. gxf4 Ne7 13. Rac1 Nf5 14. Rc2 Ke7 15. e3 Rac8 16. Rfc1 h6 17. Ne5 Nd6 18. Ne2 Rxc2 19. Rxc2 Rc8 20. Rxc8 Bxc8 21. Kf1 Nd7 22. Nc3 f6 23. Nd3 Nf8 24. Bh3 {The position is equal.} f5 25. Ne5 g5 26. fxg5 hxg5 27. Ke2 Bd7 28. Bg2 Be8 29. b3 Ng6 30. Nxg6+ Bxg6 {Accuracy: White = 67%, Black = 50%.} 1/2-1/2

[Event "WJCC U20 Open 2019"]
[Site "New Delhi"]
[Date "2019.10.24"]
[Round "10.25"]
[White "Donoso Diaz, Sebastian"]
[Black "Muthaiah AL"]
[Result "0-1"]
[WhiteElo "2203"]
[BlackElo "2370"]
[Annotator "TA"]
[PlyCount "50"]
[EventDate "2019.10.15"]
[EventType "swiss"]
[EventCountry "IND"]
[SourceTitle "playchess.com"]
[Source "ChessBase"]
[SourceQuality "1"]

{[%evp 19,50,6,11,0,0,-6,0,0,4,-17,88,-12,-8,-11,-7,-17,-16,-172,-157,-164,-157,-158,-163,-254,-255,-440,-423,-417,-409,-562,-543,-692,-616]} 1. c4 e6 2. Nf3 Nf6 3. e3 d5 4. b3 Be7 5. Bb2 b6 6. Nc3 O-O 7. cxd5 exd5 8. d4 Nbd7 9. Bd3 a6 10. O-O Bb7 11. Rc1 {E14: Queen's Indian: Classical Variation (4 e3)} Bd6 12. Ne2 Qe7 13. Nf4 $146 {The position is equal.} ({Predecessor:} 13. Ng3 g6 14. Qc2 Rac8 15. Qe2 b5 16. a4 c6 17. Nd2 Rfe8 18. Rc2 h5 {1-0 (47) Levin,E (2505)-Khismatullin,D (2617) Sochi 2016}) 13... Ne4 14. Bb1 Ng5 (14... a5 $11 {keeps the balance.}) 15. Nd3 (15. Nxg5 $16 Qxg5 16. Rxc7 Bxc7 17. Qc2 $1 {[%mdl 576] Double Attack}) 15... Nxf3+ $11 16. Qxf3 Nf6 {[%cal Bd7f6,Bf6e4,Be4d2][%mdl 32]} 17. Ne5 Ne4 18. Nc6 $2 {[#]} (18. Qe2 $11) 18... Qe8 $1 $19 ({And not} 18... Qh4 19. g3 $16) ({Inferior is} 18... Bxc6 19. Rxc6 Nd2 20. Qh3 $11) 19. Ne5 f6 $40 {[%mdl 128] Black goes for the king.} 20. Nd3 Nd2 $1 {[%csl LRf1,LRf3][%mdl 64] Double Attack} 21. Qh3 {[#]} (21. Qe2 {was necessary.} Nxf1 22. Qxf1) 21... Bc8 $1 {[%cal Rc8h3]} ({Not} 21... Nxf1 22. Nc5 $17) 22. Qh4 $2 (22. g4 {was the only defense.}) 22... Bf5 23. Rfd1 Nxb1 24. b4 a5 25. bxa5 Rxa5 {Accuracy: White = 18%, Black = 83%.} 0-1

[Event "WJCC U20 Open 2019"]
[Site "New Delhi"]
[Date "2019.10.24"]
[Round "10.26"]
[White "Winkelman, Albert"]
[Black "Raja Rithvik R"]
[Result "0-1"]
[WhiteElo "2143"]
[BlackElo "2369"]
[Annotator "TA"]
[PlyCount "53"]
[EventDate "2019.10.15"]
[EventType "swiss"]
[EventCountry "IND"]
[SourceTitle "playchess.com"]
[Source "ChessBase"]
[SourceQuality "1"]

{[%evp 12,53,33,30,47,35,47,37,38,17,22,-17,0,0,0,0,0,-45,-36,-43,-46,-33,-21,-17,-26,-14,-34,-29,-40,-108,-108,-81,-88,-132,-171,-152,-94,-317,-176,-169,-180,-305,-294,-302]} 1. e4 c5 2. Nf3 d6 3. d4 cxd4 4. Nxd4 Nf6 5. Nc3 a6 6. h3 e6 7. g4 Be7 {B81: Sicilian Scheveningen: Keres Attack} (7... h6 8. Bg2 g5 9. Be3 Nbd7 10. Qe2 Ne5 11. O-O-O Nfd7 12. h4 Rg8 13. hxg5 hxg5 14. Kb1 b5 15. f4 gxf4 16. Bxf4 Bb7 {½-½ (56) Karjakin,S (2773)-Mamedyarov,S (2801) Saint Louis 2018}) 8. g5 Nfd7 9. Be3 b5 {White is slightly better.} 10. Qd2 Bb7 11. Bg2 Nb6 $146 ({Predecessor:} 11... O-O 12. f4 Nc6 13. e5 Nxd4 14. Bxb7 dxe5 15. Bxa8 Qxa8 16. O-O-O Nf5 17. Qxd7 Nxe3 18. Qxe7 Qg2 19. Kb1 b4 20. Rd8 {1-0 (20) Amonatov,F (2632)-Grover,S (2478) Mumbai 2017}) 12. b3 N8d7 13. f4 Rc8 14. a3 Qc7 15. Nde2 $1 O-O 16. O-O d5 17. exd5 Nxd5 18. Nxd5 Bxd5 19. Bxd5 exd5 20. Nd4 ({Better is} 20. b4 $15) 20... Rfe8 $17 21. Nf5 Bf8 22. Rf2 Nc5 {[#] And now ...Ne4 would win.} 23. Rg2 Ne4 ({Black should try} 23... Qd7 24. Nh6+ Kh8) 24. Qd4 $2 (24. Qd3 $17) 24... Nd6 (24... Qd7 $142 25. Nh6+ Kh8) 25. Nh6+ $19 Kh8 {...Re4 is the strong threat.} 26. Bf2 {[#]} (26. Rd1 $142) 26... Ne4 $1 {[%cal Re4f2]} ({Not} 26... Qxc2 27. Qxd5 Re2 28. Nxf7+ Nxf7 29. Qxf7 $17) 27. Qxd5 {Accuracy: White = 33%, Black = 67%.} 0-1

[Event "WJCC U20 Open 2019"]
[Site "New Delhi"]
[Date "2019.10.24"]
[Round "10.27"]
[White "Zlatin, Alexander"]
[Black "Milikow, Yoav"]
[Result "1-0"]
[WhiteElo "2263"]
[BlackElo "2199"]
[Annotator "NA RC"]
[PlyCount "92"]
[EventDate "2019.10.15"]
[EventType "swiss"]
[EventCountry "IND"]
[SourceTitle "playchess.com"]
[Source "ChessBase"]
[SourceQuality "1"]
[TimeControl "40/5400+30:1800+30"]

1. e4 {[%emt 0:00:00]} e6 {[%emt 0:00:00]} 2. d4 {[%emt 0:00:00]} d5 {[%emt 0:00:00]} 3. Nc3 {[%emt 0:00:00]} Bb4 {[%emt 0:00:04]} 4. e5 {[%emt 0:00:03]} c5 {[%emt 0:00:11]} 5. a3 {[%emt 0:00:02]} Bxc3+ {[%emt 0:00:23]} 6. bxc3 {[%emt 0:00:05]} Qa5 {[%emt 0:00:25]} 7. Bd2 {[%emt 0:00:48]} Qa4 {[%emt 0:00:29]} 8. Qg4 {[%emt 0:00:29]} Kf8 {[%emt 0:00:36]} 9. Qd1 {[%emt 0:00:09]} b6 {[%emt 0:01:04]} 10. dxc5 {[%emt 0:00:19]} bxc5 {[%emt 0:00:23]} 11. c4 {[%emt 0:00:06]} Ba6 {[%emt 0:01:06]} 12. cxd5 {[%emt 0:00:11]} Bxf1 {[%emt 0:00:18]} 13. Kxf1 {[%emt 0:00:07]} exd5 {[%emt 0:01:09]} 14. Nf3 {[%emt 0:01:12]} Nd7 $11 {[%emt 0:05:54]} 15. g3 {[%emt 0:08:39]} Qe4 {[%emt 0:10:11]} 16. Kg2 {[%emt 0:12:51]} Nxe5 {[%emt 0:01:16]} 17. Re1 {[%emt 0:00:28]} Qxf3+ {[%emt 0:00:26]} 18. Qxf3 {[%emt 0:00:10]} Nxf3 {[%emt 0:00:03]} 19. Kxf3 {[%emt 0:00:16]} Ne7 {[%emt 0:10:56]} 20. Rab1 {[%emt 0:03:44]} Nc6 {[%emt 0:02:47]} 21. Rb7 {[%emt 0:05:00]} Rc8 {[%emt 0:05:03]} 22. Bf4 {[%emt 0:02:23]} g5 {[%emt 0:01:55]} 23. Bxg5 {[%emt 0:06:23]} Kg7 {[%emt 0:00:48]} 24. Rd7 {[%emt 0:07:19]} h6 {[%emt 0:06:15]} 25. Bh4 {[%emt 0:02:17]} Rhe8 {[%emt 0:06:14]} 26. Rxe8 {[%emt 0:02:12]} Rxe8 {[%emt 0:00:02]} 27. Rxd5 {[%emt 0:00:29]} Nd4+ {[%emt 0:00:30]} 28. Kg2 {[%emt 0:01:45]} Nxc2 {[%emt 0:01:31]} 29. Rxc5 {[%emt 0:00:18]} Nxa3 {[%emt 0:01:16]} 30. Ra5 {[%emt 0:00:11]} Nc2 31. Rxa7 {[%emt 0:00:35]} Ne1+ {[%emt 0:00:37]} 32. Kh3 {[%emt 0:01:16]} Re2 {[%emt 0:02:52]} 33. Re7 {[%emt 0:01:16]} Rxe7 {[%emt 0:01:04]} 34. Bxe7 {[%emt 0:00:05]} f5 {[%emt 0:00:22]} 35. g4 {[%emt 0:04:30]} Kg6 {[%emt 0:01:21]} 36. gxf5+ {[%emt 0:01:38]} Kxf5 {[%emt 0:00:02]} 37. Kg3 {[%emt 0:00:08]} h5 {[%emt 0:01:34]} 38. Bd6 {[%emt 0:00:25]} Nd3 {[%emt 0:02:08]} 39. Kf3 {[%emt 0:03:02]} Ne1+ {[%emt 0:02:03]} 40. Ke2 {[%emt 0:01:00]} Ng2 {[%emt 0:01:45]} 41. Bg3 {[%emt 0:32:20]} h4 {[%emt 0:32:10]} 42. Bc7 {[%emt 0:00:41]} Ke4 {[%emt 0:03:43]} 43. f3+ {[%emt 0:20:29]} Kd4 {[%emt 0:01:08]} 44. h3 {[%emt 0:01:16]} Kc5 {[%emt 0:01:06]} 45. Kf2 {[%emt 0:00:13]} Kc6 {[%emt 0:00:04]} 46. Bh2 {[%emt 0:00:12]} Kd5 1-0

[Event "WJCC U20 Open 2019"]
[Site "New Delhi"]
[Date "2019.10.24"]
[Round "10.28"]
[White "Nitish Belurkar"]
[Black "Vykouk, Jan"]
[Result "1-0"]
[WhiteElo "2311"]
[BlackElo "2468"]
[Annotator "TA"]
[PlyCount "119"]
[EventDate "2019.10.15"]
[EventType "swiss"]
[EventCountry "IND"]
[SourceTitle "playchess.com"]
[Source "ChessBase"]
[SourceQuality "1"]

{[%evp 18,119,27,25,42,14,14,14,6,8,8,10,30,31,17,10,50,22,42,29,57,0,0,0,61,0,22,0,24,0,0,0,3,4,4,0,8,6,7,6,8,-33,-48,-34,-41,-47,-17,-40,-36,-186,-202,-209,-183,-182,-145,-117,0,0,0,0,147,150,152,151,156,155,177,170,193,193,176,184,200,195,189,177,214,204,298,290,288,294,412,418,404,403,452,445,483,483,477,477,617,589,670,662,743,556,743,743,732,732,735,691]} 1. e4 d6 2. d4 Nf6 3. Nc3 Nbd7 4. Nf3 e5 5. Bc4 Be7 6. O-O O-O 7. Re1 c6 8. a4 a5 9. h3 exd4 10. Qxd4 Nc5 {C41: Philidor Defence} (10... Qb6 11. Bf4 Qxd4 12. Nxd4 Ne5 13. Bf1 Re8 14. Rad1 Bf8 15. Bg3 g6 16. f4 Ned7 17. Nf3 Nc5 18. e5 dxe5 19. fxe5 {0-1 (36) Georgiadis,N (2514)-Abdusattorov,N (2598) Biel 2019}) 11. e5 dxe5 12. Qxd8 Rxd8 {The position is equal.} 13. Nxe5 Be6 14. Be3 Nd5 15. Bxd5 $146 ({Predecessor:} 15. Nxd5 cxd5 16. Bb5 d4 17. Bd2 Bf6 18. Nd3 Nxd3 {½-½ (18) Bertorello,J (2321)-De Dovitiis,A (2353) Villa Martelli 2015}) 15... cxd5 16. Nb5 Rdc8 17. c3 Nb3 18. Rad1 Bf8 19. Na7 (19. Nd3 $14) 19... Rd8 $11 20. Nb5 (20. Nf3 $11) 20... Rdc8 $14 21. Na7 (21. Nd3 $14) 21... Re8 22. Nb5 {Strongly threatening Nc7.} Rac8 23. Na7 Rb8 24. Nb5 f6 25. Nd3 Bf7 26. Nf4 Re4 27. Nxd5 Rxa4 28. Nb6 Ra2 $1 29. Bf4 Re8 30. Rxe8 Bxe8 31. Nc7 Bc6 {Hoping for ...Bc5.} 32. Ne6 $1 Be7 ({Reject} 32... Rxb2 $6 33. Rd8 $1 $16 {[%mdl 512]}) (32... Bc5 $5 {[%cal Rc5b6]} 33. Nc4 (33. Nxc5 Nxc5 34. Be3 Nb3 $15) 33... b5 $15) 33. Nd4 (33. Nc8 $15 Bc5 34. Nxc5 Nxc5 35. Ne7+ Kf7 36. Nxc6 bxc6 37. Be3) 33... Nxd4 $19 34. cxd4 Rxb2 35. Bc7 {intending d5.} a4 {aiming for ...a3.} 36. d5 {[#]} a3 ({Better is} 36... Bb5 $1 $17 37. d6 a3) 37. dxc6 $11 bxc6 {White must now prevent ...a2.} 38. Nc4 Rb7 {[#]} (38... Rc2 $11 39. Ne3 Rb2) 39. Bb6 $1 $16 Rb8 {Black wants to play ...a2.} 40. Ra1 Ra8 41. Ba5 Kf7 42. Kf1 Bc5 43. Ra2 h5 44. Bb6 Bf8 45. Ke2 g5 46. Be3 Kg6 47. Bc1 h4 (47... Re8+ $142 48. Kd3 Bc5 49. Nxa3 Ra8) 48. Nxa3 $18 ({But not} 48. Bxa3 Bc5 $18) 48... f5 49. Ra1 Bc5 (49... Bg7 $142) 50. Nc2 Re8+ 51. Kf1 g4 52. Ra6 {White is clearly winning.} Re6 53. Be3 Bxe3 54. Nxe3 {[%mdl 4096] Endgame KRN-KR} ({Weaker is} 54. fxe3 Kf6 $18) 54... g3 55. Ra4 Kg5 56. Ra5 Kf4 57. Rxf5+ Ke4 58. Rh5 Kd3 59. Rxh4 c5 60. Nd5 {Accuracy: White = 71%, Black = 40%.} 1-0

[Event "WJCC U20 Open 2019"]
[Site "New Delhi"]
[Date "2019.10.24"]
[Round "10.29"]
[White "Tica, Sven"]
[Black "Sterck, Arno"]
[Result "1-0"]
[WhiteElo "2418"]
[BlackElo "2331"]
[Annotator "NA RC"]
[PlyCount "63"]
[EventDate "2019.10.15"]
[EventType "swiss"]
[EventCountry "IND"]
[SourceTitle "playchess.com"]
[Source "ChessBase"]
[SourceQuality "1"]
[TimeControl "40/5400+30:1800+30"]

1. d4 {[%emt 0:00:00]} Nf6 {[%emt 0:01:22]} 2. Nf3 {[%emt 0:00:17]} d5 {[%emt 0:01:53]} 3. c4 {[%emt 0:00:10]} e6 {[%emt 0:00:03]} 4. e3 {[%emt 0:01:33]} b6 {[%emt 0:02:25]} 5. Bd3 {[%emt 0:01:28]} Bb7 {[%emt 0:00:22]} 6. O-O {[%emt 0:00:25]} Nbd7 {[%emt 0:02:03]} 7. b3 {[%emt 0:00:49]} Bd6 {[%emt 0:00:12]} 8. Bb2 {[%emt 0:00:16]} O-O {[%emt 0:00:13]} 9. Nbd2 {[%emt 0:01:40]} Ne4 {[%emt 0:02:03]} 10. Qc2 {[%emt 0:00:45]} f5 {[%emt 0:02:50]} 11. Ne5 {[%emt 0:00:58]} Bxe5 {[%emt 0:08:29]} 12. dxe5 {[%emt 0:00:06]} Ndc5 {[%emt 0:00:13]} 13. Nxe4 {[%emt 0:13:54]} dxe4 {[%emt 0:12:23]} 14. Be2 {[%emt 0:00:11]} Qg5 {[%emt 0:12:03]} 15. Ba3 {[%emt 0:03:52]} f4 {[%emt 0:00:38]} 16. exf4 {[%emt 0:00:42]} Rxf4 {[%emt 0:00:43]} 17. Bxc5 {[%emt 0:05:36]} bxc5 {[%emt 0:00:16]} 18. Qc3 {[%emt 0:02:46]} Rf3 {[%emt 0:02:39]} 19. Bxf3 {[%emt 0:01:22]} exf3 {[%emt 0:00:25]} 20. g3 {[%emt 0:00:05]} Qg4 {[%emt 0:00:11]} 21. Kh1 {[%emt 0:00:05]} Rf8 {[%emt 0:01:23]} 22. Qd3 {[%emt 0:01:52]} Be4 {[%emt 0:03:07]} 23. Qd7 {[%emt 0:00:23]} Bf5 {[%emt 0:05:49]} 24. Rad1 {[%emt 0:06:14]} Qg5 {[%emt 0:01:55]} 25. Qxc7 {[%emt 0:01:23]} h5 {[%emt 0:02:21]} 26. Qxc5 {[%emt 0:08:47]} Bh3 {[%emt 0:04:51]} 27. Rg1 {[%emt 0:06:53]} Bg2+ {[%emt 0:06:36]} 28. Rxg2 {[%emt 0:00:13]} fxg2+ {[%emt 0:00:05]} 29. Kxg2 {[%emt 0:00:30]} Qg4 {[%emt 0:00:07]} 30. Qd4 {[%emt 0:07:04]} Qf3+ {[%emt 0:00:12]} 31. Kg1 {[%emt 0:00:18]} h4 {[%emt 0:11:05]} 32. Rd3 {[%emt 0:01:54]} 1-0

[Event "WJCC U20 Open 2019"]
[Site "New Delhi"]
[Date "2019.10.24"]
[Round "10.30"]
[White "Bharath Subramaniyam H"]
[Black "Cansun, Can Alp"]
[Result "1-0"]
[WhiteElo "2417"]
[BlackElo "2199"]
[Annotator "NA"]
[PlyCount "105"]
[EventDate "2019.10.15"]
[EventType "swiss"]
[EventCountry "IND"]
[SourceTitle "playchess.com"]
[Source "ChessBase"]
[SourceQuality "1"]
[TimeControl "40/5400+30:1800+30"]

1. e4 {[%emt 0:00:00]} c5 {[%emt 0:00:00]} 2. Nf3 {[%emt 0:00:07]} e6 {[%emt 0:00:00]} 3. d4 {[%emt 0:00:10]} cxd4 {[%emt 0:00:00]} 4. Nxd4 {[%emt 0:00:06]} Nc6 {[%emt 0:00:00]} 5. Nc3 {[%emt 0:00:08]} Qc7 {[%emt 0:00:00]} 6. g3 {[%emt 0:00:32]} a6 {[%emt 0:00:22]} 7. Bg2 {[%emt 0:00:16]} Nxd4 {[%emt 0:04:13]} 8. Qxd4 {[%emt 0:00:24]} d6 {[%emt 0:04:08]} 9. O-O {[%emt 0:05:39]} Nf6 {[%emt 0:02:40]} 10. Bg5 $14 {[%emt 0:11:04]} Be7 {[%emt 0:07:34]} 11. Rad1 {[%emt 0:02:06]} Bd7 {[%emt 0:06:30]} 12. Rfe1 {[%emt 0:02:00]} Bc6 {[%emt 0:13:14]} 13. Nd5 {[%emt 0:09:13]} Bxd5 {[%emt 0:00:09]} 14. exd5 {[%emt 0:00:10]} e5 {[%emt 0:00:04]} 15. Qd2 {[%emt 0:01:48]} O-O {[%emt 0:05:12]} 16. h3 {[%emt 0:01:54]} Rac8 {[%emt 0:02:16]} 17. Rc1 {[%emt 0:02:19]} b5 {[%emt 0:00:58]} 18. Be3 {[%emt 0:02:34]} Nd7 {[%emt 0:05:04]} 19. c4 {[%emt 0:05:05]} bxc4 {[%emt 0:08:00]} 20. Bf1 {[%emt 0:00:36]} Qd8 {[%emt 0:06:40]} 21. Bxc4 {[%emt 0:04:19]} f5 {[%emt 0:05:21]} 22. Bxa6 {[%emt 0:13:40]} Rxc1 {[%emt 0:07:33]} 23. Rxc1 {[%emt 0:00:13]} f4 {[%emt 0:03:25]} 24. gxf4 {[%emt 0:00:47]} exf4 {[%emt 0:00:06]} 25. Bxf4 {[%emt 0:01:02]} Nc5 {[%emt 0:01:28]} 26. Bf1 {[%emt 0:01:09]} Bh4 {[%emt 0:00:20]} 27. Rc4 {[%emt 0:02:05]} Qf6 {[%emt 0:06:11]} 28. Bg2 {[%emt 0:01:36]} Bxf2+ {[%emt 0:06:30]} 29. Qxf2 {[%emt 0:01:39]} Nd3 {[%emt 0:00:07]} 30. Qd4 {[%emt 0:00:24]} Qxd4+ {[%emt 0:01:33]} 31. Rxd4 {[%emt 0:01:26]} Nxf4 {[%emt 0:00:02]} 32. Kh2 {[%emt 0:01:24]} g5 {[%emt 0:00:06]} 33. b4 {[%emt 0:00:35]} Ra8 {[%emt 0:00:19]} 34. Rd2 {[%emt 0:00:43]} Ra4 {[%emt 0:00:54]} 35. b5 {[%emt 0:02:00]} Nxg2 {[%emt 0:01:29]} 36. Kxg2 {[%emt 0:02:11]} Rb4 {[%emt 0:00:21]} 37. a4 {[%emt 0:00:28]} Rxa4 {[%emt 0:00:01]} 38. Rb2 {[%emt 0:00:05]} Ra7 {[%emt 0:00:02]} 39. b6 {[%emt 0:00:54]} Rb7 {[%emt 0:00:00]} 40. Kf3 {[%emt 0:00:46]} Kf7 {[%emt 0:01:27]} 41. Ke4 {[%emt 0:30:14]} Kf6 {[%emt 0:34:33]} 42. Kd4 {[%emt 0:01:51]} Kf5 {[%emt 0:00:00]} 43. Kc4 {[%emt 0:00:00]} Ke4 {[%emt 0:00:00]} 44. Rb1 {[%emt 0:00:00]} Rg7 {[%emt 0:00:00]} 45. Re1+ {[%emt 0:00:00]} Kf3 {[%emt 0:00:00]} 46. Kb5 {[%emt 0:00:00]} h5 {[%emt 0:00:00]} 47. Kc6 {[%emt 0:00:00]} g4 {[%emt 0:00:00]} 48. hxg4 {[%emt 0:00:00]} Rxg4 {[%emt 0:00:00]} 49. b7 {[%emt 0:00:00]} Rb4 {[%emt 0:00:00]} 50. Re8 {[%emt 0:00:00]} h4 {[%emt 0:01:08]} 51. b8=Q {[%emt 0:00:00]} Rxb8 {[%emt 0:00:04]} 52. Rxb8 {[%emt 0:00:00]} h3 {[%emt 0:00:04]} 53. Rh8 {[%emt 0:00:00]} 1-0

[Event "WJCC U20 Open 2019"]
[Site "New Delhi"]
[Date "2019.10.24"]
[Round "10.31"]
[White "Doluweera, Minul Sanjula"]
[Black "Hollan, Martin"]
[Result "1-0"]
[WhiteElo "2191"]
[BlackElo "2403"]
[Annotator "NA"]
[PlyCount "143"]
[EventDate "2019.10.15"]
[EventType "swiss"]
[EventCountry "IND"]
[SourceTitle "playchess.com"]
[Source "ChessBase"]
[SourceQuality "1"]
[TimeControl "40/5400+30:1800+30"]

1. d4 {[%emt 0:00:00]} Nf6 {[%emt 0:00:00]} 2. c4 {[%emt 0:00:00]} e6 {[%emt 0:00:00]} 3. Nf3 {[%emt 0:00:00]} d5 {[%emt 0:00:00]} 4. Nc3 {[%emt 0:00:00]} dxc4 {[%emt 0:00:00]} 5. e3 {[%emt 0:03:18]} a6 {[%emt 0:00:46]} 6. a4 {[%emt 0:00:28]} b6 {[%emt 0:03:09]} 7. Bxc4 {[%emt 0:00:10]} Bb7 {[%emt 0:00:07]} 8. O-O {[%emt 0:00:27]} Bb4 {[%emt 0:10:19]} 9. Qb3 {[%emt 0:27:38]} Bxc3 {[%emt 0:06:48]} 10. bxc3 {[%emt 0:00:24]} O-O {[%emt 0:00:17]} 11. Re1 {[%emt 0:12:41]} Nbd7 {[%emt 0:03:08]} 12. Nd2 $14 {[%emt 0:01:33]} Ng4 {[%emt 0:27:23]} 13. Nf1 {[%emt 0:11:32]} Qh4 {[%emt 0:03:53]} 14. Re2 {[%emt 0:02:27]} Ndf6 {[%emt 0:02:22]} 15. f3 {[%emt 0:02:36]} Nh6 {[%emt 0:00:44]} 16. Bd2 {[%emt 0:06:20]} e5 {[%emt 0:14:32]} 17. dxe5 {[%emt 0:04:07]} Nd7 {[%emt 0:00:06]} 18. e6 {[%emt 0:02:38]} Nc5 {[%emt 0:00:30]} 19. exf7+ {[%emt 0:00:02]} Kh8 {[%emt 0:01:00]} 20. Qa2 {[%emt 0:01:34]} b5 {[%emt 0:01:06]} 21. Bb3 {[%emt 0:01:32]} Nxb3 {[%emt 0:02:41]} 22. Qxb3 {[%emt 0:00:01]} Nxf7 {[%emt 0:00:11]} 23. Qb4 {[%emt 0:04:13]} Qf6 {[%emt 0:02:15]} 24. Qf4 {[%emt 0:03:12]} Qe7 {[%emt 0:03:57]} 25. e4 {[%emt 0:01:04]} Ne5 {[%emt 0:00:45]} 26. Qg5 {[%emt 0:02:56]} Qe6 {[%emt 0:00:48]} 27. Bf4 {[%emt 0:01:10]} Ng6 {[%emt 0:06:27]} 28. Be3 {[%emt 0:01:40]} Qc4 {[%emt 0:00:51]} 29. Rc2 {[%emt 0:04:39]} Qd3 {[%emt 0:04:30]} 30. Rcc1 {[%emt 0:00:02]} Rae8 {[%emt 0:01:45]} 31. Bd4 {[%emt 0:00:48]} Rf7 {[%emt 0:01:01]} 32. Rd1 {[%emt 0:00:17]} Qc4 {[%emt 0:01:15]} 33. Ne3 {[%emt 0:00:20]} Qe6 {[%emt 0:00:24]} 34. Nf5 {[%emt 0:00:32]} Ne5 {[%emt 0:01:50]} 35. Qg3 {[%emt 0:00:42]} h6 {[%emt 0:01:22]} 36. axb5 {[%emt 0:02:39]} axb5 {[%emt 0:00:01]} 37. Bxe5 {[%emt 0:01:04]} Qxe5 {[%emt 0:00:07]} 38. Qxe5 {[%emt 0:00:03]} Rxe5 {[%emt 0:00:06]} 39. Rd8+ {[%emt 0:00:02]} Kh7 {[%emt 0:00:08]} 40. Rad1 {[%emt 0:03:09]} Rc5 {[%emt 0:01:13]} 41. h4 {[%emt 0:10:17]} Rxc3 {[%emt 0:16:53]} 42. h5 {[%emt 0:00:34]} Rc5 {[%emt 0:03:28]} 43. Rb8 {[%emt 0:02:08]} Bd5 {[%emt 0:01:12]} 44. Nh4 {[%emt 0:00:44]} Bxe4 {[%emt 0:02:21]} 45. Rdd8 {[%emt 0:04:03]} g5 {[%emt 0:00:07]} 46. hxg6+ {[%emt 0:00:09]} Bxg6 {[%emt 0:00:07]} 47. Rh8+ {[%emt 0:00:17]} Kg7 {[%emt 0:00:06]} 48. Rbg8+ {[%emt 0:00:45]} Kf6 {[%emt 0:00:07]} 49. Rxg6+ {[%emt 0:00:19]} Ke5 {[%emt 0:00:07]} 50. Rgxh6 {[%emt 0:01:49]} Kd4 {[%emt 0:00:46]} 51. g4 {[%emt 0:01:31]} b4 {[%emt 0:00:29]} 52. Rb8 {[%emt 0:00:07]} Kc3 {[%emt 0:01:55]} 53. Re6 {[%emt 0:01:02]} Rf4 {[%emt 0:01:14]} 54. Re3+ {[%emt 0:01:38]} Kd2 {[%emt 0:00:37]} 55. Ng2 {[%emt 0:01:38]} Rd4 {[%emt 0:02:50]} 56. Rb3 {[%emt 0:05:15]} Rc1+ {[%emt 0:00:45]} 57. Kf2 {[%emt 0:00:13]} c5 {[%emt 0:00:08]} 58. Rb5 {[%emt 0:01:45]} Rc3 {[%emt 0:00:55]} 59. Rxc3 {[%emt 0:01:28]} bxc3 {[%emt 0:00:06]} 60. Rxc5 {[%emt 0:00:24]} c2 {[%emt 0:00:04]} 61. g5 {[%emt 0:00:52]} c1=Q {[%emt 0:00:10]} 62. Rxc1 {[%emt 0:00:02]} Kxc1 {[%emt 0:00:06]} 63. Ke3 {[%emt 0:00:40]} Rd8 {[%emt 0:01:11]} 64. f4 {[%emt 0:02:01]} Kc2 {[%emt 0:00:05]} 65. g6 {[%emt 0:00:15]} Kc3 {[%emt 0:00:39]} 66. f5 {[%emt 0:00:28]} Kc4 {[%emt 0:00:15]} 67. Kf4 {[%emt 0:01:08]} Kd5 {[%emt 0:00:23]} 68. Kg5 {[%emt 0:00:42]} Ke5 {[%emt 0:05:37]} 69. Ne3 {[%emt 0:00:09]} Kd6 {[%emt 0:02:21]} 70. g7 {[%emt 0:00:41]} Ke7 {[%emt 0:01:34]} 71. Kg6 {[%emt 0:00:39]} Ra8 {[%emt 0:00:32]} 72. f6+ {[%emt 0:00:44]} 1-0